Fr. Conceicao Rodrigues College of Engineering

Team building skills:Trainers guide (Record no. 23300)

MARC details
000 -LEADER
fixed length control field 00310nam a2200145Ia 4500
082 ## - DEWEY DECIMAL CLASSIFICATION NUMBER
Classification number 658.3128
Item number LEW
100 ## - MAIN ENTRY--PERSONAL NAME
Personal name Lewis/Ralph
245 ## - TITLE STATEMENT
Title Team building skills:Trainers guide
260 ## - PUBLICATION, DISTRIBUTION, ETC.
Name of publisher, distributor, etc. Kogan Page
Date of publication, distribution, etc. 1996
300 ## - PHYSICAL DESCRIPTION
Extent 120
546 ## - LANGUAGE NOTE
Language note ENGLISH
654 ## - SUBJECT ADDED ENTRY--FACETED TOPICAL TERMS
Focus term team building
942 ## - ADDED ENTRY ELEMENTS (KOHA)
Koha item type BOOK
Holdings
Withdrawn status Lost status Damaged status Not for loan Collection Home library Current library Date acquired Total Checkouts Full call number Barcode Date last seen Price effective from Koha item type
        CRC Fr. Agnel's C.Rodrigues College of Engineering Fr. Agnel's C.Rodrigues College of Engineering 17/03/2023   658.3128 LEW 13589 17/03/2023 17/03/2023 BOOK